Estatísticas para Venezuela

Clique aqui para jogar o quiz

Estatísticas Gerais

  • Esse quiz foi jogado 28 vezes
  • A pontuação média é 8 de 11

Estatísticas das Respostas

HintResposta% Correto
Qual é o seu idioma?Espanhol
100%
Onde fica?América do Sul
95%
Com que país faz fronteira a Sul?Brasil
95%
Com que país faz fronteira a Oeste?Colômbia
95%
De que país é independente?Espanha
95%
Qual é a sua capital?Caracas
91%
Com que país faz fronteira a Leste?Guiana
86%
Qual é a sua religião?Cristianismo
82%
Qual é o seu ponto mais alto?Pico Bolívar
64%
Qual é o desporto mais popular?Beisebol
32%
Qual é a sua moeda?Bolívar Soberano
5%

Distribuição das Pontuações

Percentil de Números Respondidos

Porcentagem de Pessoas com Cada Pontuação

Sua Pontuação Histórica

Você não jogou esse quiz